00974nam a22001217a 4500008004100000050001700041100001900058245006800077250001200145260003600157300002300193505063600216140917b xxu||||| |||| 00| 0 eng d aKD2155.R4 D6 aDoyle, Louis G aAdministrative receivership: law and practice/cLouis G. Doyle. a1st ed. aLondon,bFT law and Tax:c1995. axxxix,433p.c20cm. aContents: The legal nature of administrative receivership -- The commercial nature of administrative receivership -- The debenture holder's security:1 -- The debenture holder's security:2 -- The appointment of the administrative receiver -- Appointment validity considerations:1 -- Appointment validity consideration:2 -- The powers of the administrative receiver -- The duties of the administrative receiver -- Liabilities of the administrative receiver -- Conduct of the administrative receivership: procedural formalities and court practice -- Assets and liabilities -- Specific transactions and miscellaneous problems -- Index.